25 Cities to Countries #1 - Statistics

General Stats
  • This quiz has been taken 66 times
  • The average score is 24 of 25
Answer Stats
Hint Answer % Correct
Shanghai China
100%
Paris France
100%
Athens Greece
100%
Venice Italy
100%
Tokyo Japan
100%
Mexico City Mexico
100%
Moscow Russia
100%
London UK
100%
Las Vegas USA
100%
Sydney Australia
98%
Rio de Janeiro Brazil
98%
Cairo Egypt
98%
Delhi India
98%
Madrid Spain
98%
Bangkok Thailand
98%
Istanbul Turkey
97%
Buenos Aires Argentina
95%
Havana Cuba
95%
Singapore Singapore
95%
Dubai UAE
95%
Vienna Austria
94%
Reykjavik Iceland
94%
Johannesburg South Africa
94%
Taipei Taiwan
94%
Jakarta Indonesia
90%
No matching quizzes found
Score Distribution
Percent of People with Each Score
Percentile by Number Answered
Your Score History
You have not taken this quiz